000 00242nam a2200097Ia 4500
001 1076082
005 20250827002250.0
008 250824s9999 xx 000 0 und d
245 0 _aÖLÜM TACİRLERİ
_cKEMAL ÖZER
260 _bKETEBE YAYINLARI
999 _c1076082
_d1076082